00720nam a22001937a 450000500170000001000150001702000260003203500140005803700090007208200120008110000270009324500740012026000540019427000780024830000250032694200260035199900190037795201300039620240418150129.0 aENG-140157 c695.00a9789354793943 aEN-123689 bDBAD a658.403 aGressel, Simone964849 aManagement Decision-Making, Big Data and Analyticscby Simone Gressel aNew DelhibSAGE Publications India Pvt. Ltdc2022 bNew DelhiaB1/1-1 Mohan Cooperative Industrial Area, Mathura Roade110044 a237, v.p.c24cm(pbk) 2ddccENh658.403mGRE c202168d202168 001040708NFICaAVbAVd2024-04-15eDBADg695.00l0o658.403 GREpEN-123689r2024-04-15 00:00:00t1v695.00w2024-04-15yEN